000 00246nam a22001097a 4500
082 _a923.1973 KIS'W
100 _aKISSINGER, HENRY
_946579
245 _aWHITE HOUSE YEARS
260 _aBOSTON
_bLITTLE BROWN
_c1979
300 _a1521P
942 _cBK
999 _c579654
_d579654